| 000 | 02240cad a22003135a 4500 | ||
|---|---|---|---|
| 001 | L141634 | ||
| 008 | 071107s2007 xxk f 000 0 eng d | ||
| 020 | _a9781842192876 | ||
| 035 | _a(Sirsi) u141634 | ||
| 041 | 0 | _aeng | |
| 050 | 0 | 4 | _a333.332 $2 18 |
| 110 | 2 |
_aRoyal Institution of Chartered Surveyors _94900 |
|
| 245 | 0 | 4 |
_aThe capital and rental valuation of restaurants, bars, public houses and nightclubs in England, Wales and Scotland _h[old edition] |
| 250 | _a2nd Rev. ed. | ||
| 260 |
_aLondon _bRICS _c2007 |
||
| 490 | 0 | _aRICS Information Paper | |
| 490 | 0 |
_aRICS Valuation Information Paper _v(02) |
|
| 505 | _aIntroduction -- Valuations of licensed properties as fully equipped operational entities -- Trading potential and personal goodwill -- Statutory issues -- Market analysis, comparables and factors affecting valuation -- Capitalisation -- Rental valuations -- Distinguishing property valuation from business appraisal -- Valuations for loan security purposes -- Other property -- Confidentiality -- Appendix -- Licensing Act 2003 | ||
| 520 | _aConsiders the general approach to be adopted for the capital or rental valuation of restaurants, bars, nightclubs and public houses (licensed properties) and offers comment on selected aspects. Takes a practical approach. Does not focus directly on valuation method. Written specifically with regard to the law and practice in England, Wales and Scotland, but surveyors in other states may find discussion of some principles useful and be able to adapt them to their local circumstances. | ||
| 520 | _aSupersedes second edition 2006 (ISBN 1842192876). | ||
| 520 | _aSuperseded by The capital and rental valuation of public houses, bars, restaurants and nightclubs in England and Wales, Guidance note, 1st edition ISBN 9781842196441 | ||
| 590 | _aKA | ||
| 650 | 2 | 4 | _aRICS appraisal and valuation standards |
| 650 | _aLICENSING ACT 2003 | ||
| 651 | 4 |
_aGreat Britain _y1707- |
|
| 690 | _aPROPERTY-PROPERTY APPRAISAL AND VALUATION | ||
| 856 | 4 | 1 |
_uhttps://www.isurv.com/downloads/download/1269/the_capital_and_rental_valuation_of_public_houses_bars_restaurants_and_nightclubs_in_england_and_wales _zArchived on isurv (subscription required) |
| 942 |
_n0 _2ddc |
||
| 999 |
_c107714 _d107714 |
||